000 00631nam a2200229 a 4500
001 $$a0000034548
005 20200120222227.0
008 081118s1985 col0 gr 000 d
020 _a958-06-0001-5
090 _aAN
_bGARac
100 0 _aGarcía Márquez, Gabriel
245 1 3 _aEl amor en los tiempos del cólera /
_cGabriel García Márquez.
250 _a2a. ed.
260 _aBogotá
_bOveja Negra
_c1985
300 _a473 p.
650 1 4 _aNOVELA COLOMBIANA
650 1 4 _aLITERATURA COLOMBIANA
650 1 4 _aLITERATURA LATINOAMERICANA
650 1 4 _aNOVELA ADULTO
650 1 4 _aLITERATURA ADULTO
901 _aCompra
999 _c1967
_d1967